Κατάλογος Βιβλιοθηκών Mediterranean College

Παιδαγωγικό Πλαίσιο και Αρχές Προγράμματος Σπουδών Νηπιαγωγείου / Πρώτο Μέρος (Record no. 2301)

MARC details
000 -LEADER
fixed length control field 01349cam a22001694a 4500
005 - ΗΜΕΡΟΜΗΝΙΑ ΚΑΙ ΩΡΑ ΤΕΛΕΥΤΑΙΑΣ ΕΝΗΜΕΡΩΣΗΣ
Πεδίο ελέγχου 20250605163324.0
008 - FIXED-LENGTH DATA ELEMENTS--GENERAL INFORMATION
Πεδίο ελέγχου σταθερού μήκους 250528s ||||||||||||||||||||||||d
035 ## - SYSTEM CONTROL NUMBER
System control number 16849
040 ## - ΠΗΓΗ ΚΑΤΑΛΟΓΟΓΡΑΦΗΣΗΣ
Φορέας πρωτότυπης καταλογογράφησης MC Athens Campus Library
Γλώσσα καταλογογράφησης Ελληνικά, Μοντέρνα (1453-)
Modifying agency MC Athens Campus Library
Κανόνες περιγραφικής καταλογογράφησης AACR2
245 1# - ΤΙΤΛΟΣ ΚΑΙ ΔΗΛΩΣΗ ΥΠΕΥΘΥΝΟΤΗΤΑΣ
Τίτλος Παιδαγωγικό Πλαίσιο και Αρχές Προγράμματος Σπουδών Νηπιαγωγείου / Πρώτο Μέρος
260 ## - PUBLICATION, DISTRIBUTION, ETC.
Name of publisher, distributor, etc. Εσπα,
Date of publication, distribution, etc. 2011
300 ## - PHYSICAL DESCRIPTION
Extent 62
520 ## - SUMMARY, ETC.
Summary, etc. Εισαγωγή, Το Νηπιαγωγείο στον 21ο Αιώνα, Προωθώντας την Ανάπτυξη Βασικών Ικανοτήτων, Βασικές Αρχές για τη Μάθηση και τη Διδασκαλία στην Προσχολική Εκπαίδευση, Αναγνωρίζοντας τη Διαφορετικότητα και Αναπτύσσοντας Διαφοροποιημένες Προσεγγίσεις, Οργανώνοντας τη Μάθηση και τη Διδασκαλία στο Νηπιαγωγείο, Αξιολόγηση για τη Μάθηση, Η Ένταξη στο Νηπιαγωγείο, Η Σημασία της Συνεργασίας Σχολείου - Οικογένειας, Διευκολύνοντας τις Μεταβάσεις Παιδιών και Οικογενειών.
942 ## - ADDED ENTRY ELEMENTS (KOHA)
Koha item type Books
Holdings
Τύπος τεκμηρίου Βιβλιοθήκη Τρέχουσα τοποθεσία Barcode Αριθμός εισαγωγής Ημερομηνία απόκτησης Ταξιθετικό σύμβολο Αριθμός αντιτύπου Κατάσταση απόσυρσης Κατάσταση χαμένου Κατάσταση κατεστραμμένου Μη δανεισμός Σύνολο δανεισμών Ημερομηνία τελευταίας εμφάνισης Η τιμή ισχύει από
Books MC Athens Campus Library MC Athens Campus Library 9780000023001 5449 05/06/2025 REF 370.732/62 EKT 1           05/06/2025 05/06/2025

MC Athens Campus Library
Πατησίων 94 & Κοδριγκτώνος 13, 104 34
Πελλήνης 8 & Πατησίων 107, 112 51
Τ: +30 210 8899600

MC Thessaloniki Campus Library
Ίωνος Δραγούμη 21, 54625 | Ίωνος Δραγούμη 15, 54625
Τ: +30 2310 287779 – Τ: +30 2314 440300